MARC details
| 000 -CABECERA |
| campo de control de longitud fija |
01343nam a2200277 a 4500 |
| 001 - NÚMERO DE CONTROL |
| campo de control |
000047492 |
| 005 - FECHA Y HORA DE LA ÚLTIMA TRANSACCIÓN |
| campo de control |
20201002060553.0 |
| 008 - DATOS DE LONGITUD FIJA--INFORMACIÓN GENERAL |
| campo de control de longitud fija |
150602s2017 dr 000 0 spa d |
| 020 ## - NÚMERO INTERNACIONAL ESTÁNDAR DEL LIBRO |
| Número Internacional Estándar del Libro |
9789945590678 |
| 040 ## - FUENTE DE LA CATALOGACIÓN |
| Centro catalogador/agencia de origen |
DO-SdBNP |
| Lengua de catalogación |
spa |
| Centro/agencia transcriptor |
BNPHU |
| 082 ## - NÚMERO DE LA CLASIFICACIÓN DECIMAL DEWEY |
| Número de clasificación |
xxxx |
| Número de documento/Ítem |
xxxx |
| 245 00 - MENCIÓN DE TÍTULO |
| Título |
Paseo cultural y otros temas periodísticos. / |
| Mención de responsabilidad, etc. |
Mayra Pérez Castillo...[et al.]. |
| 260 ## - PUBLICACIÓN, DISTRIBUCIÓN, ETC. |
| Lugar de publicación, distribución, etc. |
Santo Domingo : |
| Nombre del editor, distribuidor, etc. |
FUNGLODE, |
| Fecha de publicación, distribución, etc. |
2017. |
| 300 ## - DESCRIPCIÓN FÍSICA |
| Extensión |
206 p. ; |
| Dimensiones |
24 cm. |
| 490 1# - MENCIÓN DE SERIE |
| Mención de serie |
Premios FUNGLODE/ GFDD |
| -- |
Periodismo |
| 590 ## - NOTA LOCAL (RLIN) |
| Nota local |
Inventariado, 2018/ YL |
| 586 ## - NOTA DE PREMIOS |
| Nota de premios |
Premio de periodismo Rafael Herrera, 2016 |
| 505 0# - NOTA DE CONTENIDO CON FORMATO |
| Información miscelánea |
Primer lugar -- |
| Título |
Paseo cultural / |
| Mención de responsabilidad |
Mayra Pérez Castillo -- |
| Información miscelánea |
Segundo lugar -- |
| Título |
Era de Trujillo a sus 55 años / |
| Mención de responsabilidad |
Héctor Francisco Minaya Rosario -- |
| Información miscelánea |
Tercer lugar -- |
| Título |
Lsa emergencias en emergencia / |
| Mención de responsabilidad |
Doris Pantaleón -- |
| Información miscelánea |
Mención -- |
| Título |
Hospitales del Sur / |
| Mención de responsabilidad |
Ana Lisinia Batista Mateo -- |
| Información miscelánea |
Mención -- |
| Título |
Aislados para salverse / |
| Mención de responsabilidad |
Adriana Peguero -- |
| Información miscelánea |
Mención -- |
| Título |
El legado de Salomé / |
| Mención de responsabilidad |
Carmen Teresa Guzmán -- |
| 700 1# - PUNTO DE ACCESO ADICIONAL--NOMBRE DE PERSONA |
| Nombre de persona |
Pérez Castillo, Mayra |
| 9 (RLIN) |
75113 |
| 700 1# - PUNTO DE ACCESO ADICIONAL--NOMBRE DE PERSONA |
| Nombre de persona |
Minaya Rosario, Héctor Francisco |
| 9 (RLIN) |
75114 |
| 700 1# - PUNTO DE ACCESO ADICIONAL--NOMBRE DE PERSONA |
| Nombre de persona |
Pantaleón, Doris |
| 9 (RLIN) |
73962 |
| 700 1# - PUNTO DE ACCESO ADICIONAL--NOMBRE DE PERSONA |
| Nombre de persona |
Batista Mateo, Ana Lisania |
| 9 (RLIN) |
75115 |
| 700 1# - PUNTO DE ACCESO ADICIONAL--NOMBRE DE PERSONA |
| Nombre de persona |
Peguero, Adriana |
| 9 (RLIN) |
75116 |
| 700 1# - PUNTO DE ACCESO ADICIONAL--NOMBRE DE PERSONA |
| Nombre de persona |
Guzmán, Carmen Teresa |
| 9 (RLIN) |
75117 |
| 830 #0 - PUNTO DE ACCESO ADICIONAL DE SERIE-TÍTULO UNIFORME |
| Título uniforme |
Premios FUNGLODE/ GFDD |
| Información miscelánea |
Periodismo |
| 9 (RLIN) |
75118 |